000 00314nam a22001217a 4500
008 160419b xxu||||| |||| 00| 0 eng d
020 _a9780803622654
020 _a7808039226654
041 _aeng
080 _a618.2
245 _aFundamentals of Nursing:
_cJudith M. Wilkisnon ' Leslie S. Treas :
942 _2udc
_cBK
999 _c1437
_d1437